|
|
|
|
| LEADER |
00000Cam#a2200000#a#4500 |
| 001 |
006910 |
| 005 |
20160721144141.0 |
| 008 |
010312s1989||||ag # |#| f00|#0#spa#d |
| 040 |
|
|
|a AR-beUNQ
|
| 099 |
|
|
|a 25-A14
|
| 110 |
2 |
|
|a Argentina.
|b Ministerio de Salud y Acción Social.
|
| 245 |
0 |
2 |
|a Enfermedad de Chagas
|c Argentina. Ministerio de Salud y Acción Social. Secretaría de salud.
|
| 260 |
|
|
|a Buenos Aires :
|b La Secretaría,
|c 1989
|
| 300 |
|
|
|a [22 p.]
|
| 650 |
|
7 |
|a MEDICINA
|2 Spines
|
| 650 |
|
7 |
|a SALUD
|2 Spines
|
| 650 |
|
7 |
|a PELIGROS PARA LA SALUD
|2 Spines
|
| 651 |
|
7 |
|a ARGENTINA
|2 Spines
|
| 653 |
|
|
|a ENFERMEDAD DE CHAGAS
|
| 929 |
|
|
|a COMPRA
|b B. Just
|d 4,00E
|e 20010206
|f patrimonio
|j 28536
|
| 942 |
|
|
|c LIB
|n 0
|
| 999 |
|
|
|c 9590
|d 84977
|